[Event "Oberliga Bayern9394"]
[Site "Bayern"]
[Date "1994.??.??"]
[Round "?"]
[White "Gross, David"]
[Black "Sattler, Stefan"]
[Result "1-0"]
[WhiteElo "2060"]
[BlackElo "2120"]

1.e4 d5 2.exd5 Qxd5 3.Nc3 Qd6 4.d4 Nf6 5.Bc4 a6 6.Bb3 Nc6 7.Nge2 e5 8.dxe5 Qxd1+
9.Nxd1 Nxe5 10.Bf4 Bd6 11.Ndc3 Bf5 12.O-O-O O-O 13.Kb1 Rfe8 14.Ng3 Be6 15.Nce4 Nxe4
16.Nxe4 Bxb3 17.axb3 Bf8 18.f3 f5 19.Nc3 Bd6 20.Rd5 Re6 21.Rhd1 Rae8 22.Bg3 g6
23.Na4 Nf7 24.Nc5 Re2 25.Nxb7 Bxg3 26.hxg3 Rxg2 27.Rd7 Rge2 28.Rxc7 Re1 29.Kc1 Rxd1+
30.Kxd1 Ne5 31.Rc3 g5 32.Re3 Re7 33.Nc5 f4 34.gxf4 gxf4 35.Re4 Ng6 36.Rxe7 Nxe7
37.Nxa6 Nd5 38.Ke2 Kf7 39.Nc5 Kg6 40.Nd3 Kf5 41.c4 Ne7 42.b4 Ng6 43.b5 Ne7
44.b4 Ke6 45.Nxf4+ Ke5 46.Nd5 Nf5 47.Kd3 h5 48.b6 Nd6 49.f4+ Ke6 50.Ne3 Kd7
51.c5 Ne8 52.Kc4 h4 53.Nf1 Nf6 54.Nh2 h3 55.Kb5 Kc8 56.c6 Kb8 57.Ka6 Nd5
58.c7+ Kc8 59.Ka7 Nxb4 60.b7+ Kxc7 61.b8=Q+  1-0

[Event "Oberliga Bayern9394"]
[Site "Bayern"]
[Date "1994.??.??"]
[Round "?"]
[White "Saathoff, Richard"]
[Black "Gazmaga, Stefan"]
[Result "1-0"]
[WhiteElo "2110"]
[BlackElo "2165"]

1.e4 d5 2.exd5 Qxd5 3.Nc3 Qd6 4.d4 Nf6 5.Bd3 a6 6.Nge2 Bg4 7.f3 Bh5 8.Bf4 Qd7
9.Qd2 e6 10.O-O-O Nc6 11.Kb1 O-O-O 12.Be4 Nxe4 13.Nxe4 Bg6 14.a3 Be7 15.Be3 f5
16.Nc5 Bxc5 17.dxc5 Qxd2 18.Rxd2 Rxd2 19.Bxd2 Rd8 20.Bc3 e5 21.Kc1 Rd7 22.f4 exf4
23.Nxf4 Re7 24.Rd1 Be8 25.Nd5 Re2 26.Bxg7 Rxg2 27.Bf6 Rxh2 28.Ne7+ Kb8 29.Nxc6+ Bxc6
30.Rd8+ Ka7 31.Be5 Rh1+ 32.Kd2 Bf3 33.Ke3 Rf1 34.Kf4 b6 35.cxb6+ Kxb6 36.Bd4+ c5
37.Be3 Rd1 38.Rc8 h6  1-0

[Event "Regionalliga SW9495"]
[Site "Bayern"]
[Date "1994.??.??"]
[Round "2"]
[White "Herb, Stefan"]
[Black "Huebner, Lothar"]
[Result "1/2-1/2"]
[WhiteElo "2065"]
[BlackElo "2130"]

1.e4 d5 2.exd5 Qxd5 3.Nc3 Qd6 4.d4 Nf6 5.Nb5 Qd8 6.Bf4 Nd5 7.Qf3 Nxf4 8.Qxf4 Na6
9.O-O-O c6 10.Nc3 e6 11.Qe4 Nb4 12.Nf3 Nd5 13.Nxd5 Qxd5 14.Qxd5 cxd5 15.c4 dxc4
16.Bxc4 Bd7 17.Kb1 O-O-O 18.Ne5 Be8 19.d5 f6 20.Ng4 Bh5 21.f3 e5 22.Bd3 Bg6
23.Bxg6 hxg6 24.h3 Kd7 25.Rhe1 Bc5 26.Rd3 Rc8 27.Rc1 Rc7 28.Rc4 Rhc8 29.Nh2 Kd6
30.Nf1 Bd4 31.Rxc7 Rxc7 32.f4 Kxd5 33.fxe5 Ke4 34.Rg3 Bxe5 35.Rxg6 Kf5 36.Rg4 Bf4
37.Ng3+ Ke5 38.Ne2 Bh6 39.Nc3 f5 40.Ra4 Be3 41.Kc2 Rd7 42.Ra5+ Ke6 43.Nb1 g6
44.Ra3 Bh6 45.Rd3 Rc7+ 46.Nc3 Bg7 47.Re3+ Be5 48.Kd3 Rc5 49.Re2 Kf6 50.Rc2 Ke6
51.Re2 Rc8 52.Re3 a6 53.Re2 b5 54.a3 Rc4 55.Rc2 Rd4+ 56.Ke2 Bf4 57.Nd1 a5
58.Nc3 b4 59.axb4 Rxb4 60.Kd3 Be5 61.Re2 Rf4 62.Nd1 Rd4+ 63.Kc2 Rb4 64.b3 f4
65.Nb2 Kf5 66.Nc4 Rb5 67.Re1 Rc5  1/2-1/2

[Event "Regionalliga NO9495"]
[Site "Bayern"]
[Date "1994.??.??"]
[Round "2"]
[White "Gross, David"]
[Black "Wulfmeyer, Johannes"]
[Result "1-0"]
[WhiteElo "2240"]
[BlackElo "2055"]

1.e4 d5 2.exd5 Qxd5 3.Nc3 Qd6 4.d4 Nf6 5.Nf3 a6 6.Be2 Nbd7 7.Bg5 e6 8.Qd2 b5
9.Bf4 Qb6 10.Ne5 Bb7 11.Nxd7 Nxd7 12.O-O Be7 13.a4 b4 14.Nd1 a5 15.Ne3 O-O
16.Nc4 Qa7 17.Bd3 c5 18.c3 bxc3 19.bxc3 cxd4 20.cxd4 Bb4 21.Qe3 Bd5 22.Nd6 Qb6
23.Rab1 Bc6 24.Bc2 Qa6 25.Qh3 g6 26.Ne4 Bxe4 27.Bxe4 Rac8 28.Rb3 Nf6 29.Bd3 Qa7
30.Be5 Nd5 31.Bb5 Rc3 32.Rxc3 Bxc3 33.Rd1 Rc8 34.Rd3 Bb4 35.Qxh7+  1-0

[Event "Regionalliga SO9495"]
[Site "Bayern"]
[Date "1994.??.??"]
[Round "7"]
[White "Pohl, Klaus"]
[Black "Kramer, Kurt"]
[Result "1/2-1/2"]
[WhiteElo "2045"]
[BlackElo "1940"]

1.e4 d5 2.exd5 Qxd5 3.Nc3 Qd6 4.d4 Nf6 5.Nf3 a6 6.Bd3 Bg4 7.Be3 e6 8.O-O Be7
9.h3 Bh5 10.Qe2 O-O 11.Rad1 Nc6 12.Nb1 Nb4 13.Bc4 Nbd5 14.g4 Bg6 15.Ne5 Ne4
16.Bc1 Nef6 17.Bg5 Rfe8 18.c3 Nd7 19.Bxe7 Qxe7 20.Nxg6 hxg6 21.Rfe1 Qh4  1/2-1/2

[Event "Berliner Sommer"]
[Site "Berlin"]
[Date "1994.??.??"]
[Round "?"]
[White "Proehl, Holger"]
[Black "Muse, Drazen"]
[Result "1-0"]
[WhiteElo "2285"]
[BlackElo "2295"]

1.e4 d5 2.exd5 Qxd5 3.Nc3 Qd6 4.d4 Nf6 5.Nf3 c6 6.h3 Bf5 7.Bd3 Bxd3 8.Qxd3 Nbd7
9.O-O e6 10.Re1 Be7 11.Bd2 O-O 12.a3 Rfd8 13.Rad1 h6 14.Qe2 Qc7 15.Ne5 Nxe5
16.dxe5 Nd5 17.Nb1 Bf8 18.c4 Ne7 19.Bc3 c5 20.Nd2 Nc6 21.Nf3 Rxd1 22.Rxd1 Rd8
23.Kf1 Be7 24.Ke1 a6 25.Rd2 Qb8 26.Rxd8+ Qxd8 27.Qd2 Kf8 28.Qxd8+ Bxd8 29.Ke2 b5
30.Kd3 Bb6 31.Bd2 Na5 32.Bxa5 Bxa5 33.Nd2 Bd8 34.Ne4 Be7 35.Nc3 b4 36.axb4 cxb4
37.Ne4 Ke8 38.Nd6+ Kd7 39.Nxf7 Bc5 40.f4 Ke7 41.Nd6 Bxd6 42.exd6+ Kxd6 43.Kd4 Kc6
44.c5 Kb5 45.b3 h5 46.f5 h4 47.fxe6 Kc6 48.Kc4 a5 49.e7 Kd7 50.Kb5  1-0

[Event "Budapest FS04 IM-A"]
[Site "Budapest"]
[Date "1994.??.??"]
[Round "2"]
[White "Damjanovic, Vladimir"]
[Black "Mozes, Ervin"]
[Result "0-1"]
[WhiteElo "2380"]
[BlackElo "2385"]

1.e4 d5 2.exd5 Qxd5 3.Nc3 Qd6 4.d4 Nf6 5.Nf3 a6 6.Bc4 Bg4 7.h3 Bh5 8.g4 Bg6
9.Ne5 Nc6 10.Bf4 Nxe5 11.Bxe5 Qc6 12.Bf1 Qxh1 13.f3 e6 14.Qe2 Bd6 15.O-O-O Bxe5
16.dxe5 Nxg4 17.fxg4 Rd8 18.Rxd8+ Kxd8 19.b4 Qg1 20.b5 Qd4 21.Qf3 axb5 22.Nxb5 Qa1+
23.Kd2 Qxe5 24.Qa3 Kd7 25.Qa4 Ke7 26.Qa3+ c5 27.Kc1 Rd8 28.Nc3 Qf4+ 29.Kb2 Qb4+  0-1

[Event "Budapest FS06 IM-A"]
[Site "Budapest"]
[Date "1994.??.??"]
[Round "13"]
[White "Payen, Arnaud"]
[Black "Mozes, Ervin"]
[Result "0-1"]
[WhiteElo "2300"]
[BlackElo "2385"]

1.e4 d5 2.exd5 Qxd5 3.Nc3 Qd6 4.d4 Nf6 5.Nf3 a6 6.Be3 Nc6 7.Qd2 Bf5 8.Bc4 e6
9.O-O-O b5 10.Bb3 Na5 11.Bf4 Qb6 12.d5 Bc5 13.dxe6 fxe6 14.Ne5 O-O 15.f3 h6
16.g4 Bh7 17.Rhe1 Nxb3+ 18.axb3 Bb4 19.Be3 Qa5 20.Kb1 c5 21.Nc6 Qc7 22.Qd6 Qxd6
23.Rxd6 Nd5 24.Nxb4 Nxb4 25.Re2 Rxf3 26.Bxc5 Nxc2 27.Ka2 b4 28.Nd1 a5 29.Rdxe6 Bd3
30.Re8+ Rxe8 31.Rxe8+ Kh7 32.Ne3 Bg6 33.Re7 Nxe3 34.Bxe3 Bf7 35.Kb1 Bxb3
36.Kc1 Rf1+ 37.Kd2 Rb1 38.Bd4 Rd1+  0-1

[Event "BUL-ch"]
[Site "BUL"]
[Date "1994.??.??"]
[Round "2"]
[White "Spasov, Vasil"]
[Black "Panbukchian, Valentin"]
[Result "0-1"]
[WhiteElo "2540"]
[BlackElo "2390"]

1.e4 d5 2.exd5 Qxd5 3.Nc3 Qd6 4.d4 Nf6 5.Nf3 a6 6.g3 Bg4 7.Bg2 Nc6 8.O-O O-O-O
9.Bf4 Qb4 10.a3 Qc4 11.h3 Rxd4 12.Qe1 Bxf3 13.Bxf3 Rd7 14.Bg2 e6 15.b3 Qc5
16.Na4 Qf5 17.c4 Bd6 18.Be3 Be5 19.Bxc6 bxc6 20.Qa5 Qxh3 21.Qxa6+ Kd8 22.Bc5 Rd6
23.Ra2 Rd3 24.Qa8+ Kd7 25.Qb7 Kd8 26.Nb6 cxb6 27.Bxb6+ Ke8 28.Qc8+ Ke7 29.Qxh8 Bxg3
30.f3 Ng4 31.fxg4 Bh2+ 32.Rxh2 Rg3+ 33.Kf2 Rf3+  0-1

[Event "BUL-ch"]
[Site "BUL"]
[Date "1994.??.??"]
[Round "11"]
[White "Dochev, Dimitar"]
[Black "Panbukchian, Valentin"]
[Result "1-0"]
[WhiteElo "2395"]
[BlackElo "2390"]

1.e4 d5 2.exd5 Qxd5 3.Nc3 Qd6 4.d4 Nf6 5.Nf3 a6 6.g3 Bg4 7.Bg2 Nc6 8.O-O O-O-O
9.d5 Nb4 10.h3 Bh5 11.Bf4 Qc5 12.Be3 Qa5 13.g4 Bg6 14.Qd4 b6 15.Qc4 e6 16.a3 Nbxd5
17.b4 Nxe3 18.Qb3 Qd5 19.Nxd5 Nexd5 20.Qa4 Kb7 21.c4 Nf4 22.Ne5+ Nxg2 23.Qc6+ Kb8
24.Qxg2 Rd6 25.Rfd1 Rxd1+ 26.Rxd1 Bd6 27.Nxg6 hxg6 28.Rxd6 cxd6 29.Qc6 Rd8
30.Qxb6+ Kc8 31.Qc6+ Kb8 32.Qxa6 Rd7 33.Qb6+ Kc8 34.a4 Ne8 35.a5 Rc7 36.a6 Rxc4
37.Qb7+ Kd8 38.a7 Nc7 39.a8=Q+ Nxa8 40.Qxa8+ Ke7 41.b5 Rb4 42.b6  1-0

[Event "ESP-ch"]
[Site "Canete"]
[Date "1994.??.??"]
[Round "?"]
[White "Rodriguez Uria, Julio Antonio"]
[Black "Garcia Fernandez, Carlos"]
[Result "1-0"]
[WhiteElo "2225"]
[BlackElo "2360"]

1.e4 d5 2.exd5 Qxd5 3.Nc3 Qd6 4.d4 Nf6 5.Bc4 a6 6.Nf3 Bg4 7.h3 Bh5 8.Be3 Qb4
9.Bb3 Nc6 10.Qe2 O-O-O 11.O-O-O Na5 12.d5 Nxb3+ 13.axb3 Qa5 14.Kb1 Nxd5 15.Nxd5 Rxd5
16.Rxd5 Qxd5 17.g4 Bg6 18.Rd1 Qa5 19.b4 Qxb4 20.Rd4 Qb5 21.Qd2 Qe8 22.Bf4 e5
23.Nxe5 Bc5 24.Rc4 Bb6 25.Qc3 Qe7 26.Qb3 Bc5 27.Qg3 Bb6 28.Qb3 Bc5 29.Qa4 Rd8
30.Bg3 Bd6 31.Qa5 f6 32.Nxg6 hxg6 33.f4 Qe3 34.Rc3 Qg1+ 35.Ka2 Kb8 36.Rb3 Kc8
37.Qd5 c6 38.Qe6+ Rd7 39.Qe8+ Kc7 40.Qxg6 Re7  1-0

[Event "Finkenstein op"]
[Site "Finkenstein"]
[Date "1994.??.??"]
[Round "?"]
[White "Kos, Toni"]
[Black "Pokupec, Vilim"]
[Result "1-0"]
[WhiteElo "2220"]
[BlackElo "1800"]

1.e4 d5 2.exd5 Qxd5 3.Nc3 Qd8 4.d4 c6 5.Nf3 Bf5 6.Bc4 Bg6 7.h4 Nf6 8.Ne5 e6
9.Bg5 Bb4 10.O-O Bxc3 11.bxc3 Be4 12.Qe2 Bd5 13.Bd3 b5 14.a4 O-O 15.axb5 cxb5
16.Bxb5 h6 17.Bxf6 Qxf6 18.Qg4 g5 19.f4 Qg7 20.fxg5 hxg5 21.hxg5 a5 22.Rf6 Ra7
23.Raf1 a4 24.g6 a3 25.Nxf7 a2 26.Qf4 Rc8 27.Nd6 Rd8 28.Ne8  1-0

[Event "NRW-Liga I 9394"]
[Site "Germany"]
[Date "1994.??.??"]
[Round "?"]
[White "Reinke, Markus"]
[Black "Labahn, Wolfgang"]
[Result "0-1"]
[WhiteElo "2295"]
[BlackElo "2265"]

1.e4 d5 2.exd5 Qxd5 3.Nc3 Qd6 4.d4 Nf6 5.Nf3 a6 6.Bc4 b5 7.Bb3 Bb7 8.Ne5 e6
9.Bf4 Qb6 10.Qe2 Bb4 11.O-O O-O 12.Rfe1 Nc6 13.Be3 Nxd4 14.Bxd4 Qxd4 15.Nxb5 axb5
16.c3 Bxc3 17.bxc3 Qxc3 18.Rac1 Qa5 19.Rc5 Bd5 20.Rxb5 Qa6 21.Bxd5 Nxd5 22.Rb2 Qxe2
23.Rexe2 Rfd8 24.g3 Rd6 25.Kg2 g5 26.Nf3 h6 27.h4 f6 28.hxg5 hxg5 29.Rec2 Ra4
30.Nd2 Kf7 31.Rc1 Rda6 32.Rcc2 Ke7 33.Nb3 Rb6 34.Nc1 Kd6 35.Nb3 Rb5 36.Kf1 c5
37.Nd2 Kc6 38.Ke1 Nb4 39.Nb3 Nxc2+ 40.Rxc2 e5 41.Kd1 c4 42.f4 gxf4 43.gxf4 Rd5+
44.Kc1 e4 45.Nd2 f5 46.Kb2 Rb4+ 47.Ka3 Kb5 48.Nb1 Rxb1 49.Rd2 Rb3+ 50.axb3 Rxd2
51.b4 Rd3+  0-1

[Event "Oberliga Wuert9394"]
[Site "Germany"]
[Date "1994.??.??"]
[Round "?"]
[White "Holzhaeuer, Mathias"]
[Black "Seeger, Werner"]
[Result "1-0"]
[WhiteElo "2340"]
[BlackElo "2205"]

1.e4 d5 2.exd5 Qxd5 3.Nc3 Qd8 4.d4 g6 5.Bc4 Bg7 6.Nf3 Nf6 7.O-O O-O 8.h3 Nbd7
9.Re1 Nb6 10.Bb3 a5 11.a4 c6 12.Qe2 Re8 13.Ne4 Nxe4 14.Qxe4 Nd5 15.Qh4 Nf6
16.Ne5 Rf8 17.Bg5 Qb6 18.Rad1 Nd5 19.Bxe7 Nxe7 20.Qxe7 Bxe5 21.Rxe5 Qb4 22.Qf6 Bd7
23.Re7 Be8 24.Rde1 c5 25.dxc5  1-0

[Event "Hessen-Baden"]
[Site "Germany"]
[Date "1994.??.??"]
[Round "?"]
[White "Scherer, Helmut"]
[Black "Koeller, Oliver"]
[Result "1-0"]
[WhiteElo "2250"]
[BlackElo "2345"]

1.e4 d5 2.exd5 Qxd5 3.Nc3 Qd6 4.Nf3 Nf6 5.d4 a6 6.Be3 Nc6 7.a3 Bg4 8.h3 Bh5
9.g4 Bg6 10.d5 Ne5 11.Nh4 h5 12.Nxg6 Nxg6 13.g5 Nd7 14.h4 e6 15.dxe6 Qxe6
16.Qf3 O-O-O 17.Bh3 Qe8 18.O-O-O Kb8 19.Qd5 Bd6 20.Rhe1 Nf4 21.Bxf4 Bxf4+
22.Kb1 Ne5 23.Qe4 Rxd1+ 24.Nxd1 Bh2 25.f4 Bg3 26.fxe5 Bxe1 27.Qxe1 Qa4 28.Nc3 Qd4
29.Qe4 Qxe4 30.Nxe4 Re8 31.e6 fxe6 32.Kc1 c6 33.Kd2 Kc7 34.Ke3 b6 35.Ng3 g6
36.Ne4 c5 37.c3 Kc6 38.Nf6 Re7 39.Bg2+ Kc7 40.Be4 Rg7 41.Ne8+  1-0

[Event "Hessenliga"]
[Site "Germany"]
[Date "1994.??.??"]
[Round "?"]
[White "Claus, Caroline"]
[Black "Kribben, Johannes"]
[Result "1-0"]
[WhiteElo "2120"]
[BlackElo "2255"]

1.e4 d5 2.exd5 Qxd5 3.Nc3 Qd8 4.Nf3 Bg4 5.Bc4 e6 6.h3 Bxf3 7.Qxf3 c6 8.O-O Nf6
9.Ne2 Nbd7 10.d4 Bd6 11.Bg5 Qa5 12.Bh4 Qh5 13.Qxh5 Nxh5 14.f4 g6 15.Rae1 Nb6
16.Bb3 Nd5 17.Bxd5 cxd5 18.Rf3 Rc8 19.c3 b5 20.g4 Ng7 21.Bf6 Rg8 22.Be5 Be7
23.Bxg7 Rxg7 24.Kh1 Kd7 25.Nc1 b4 26.Nd3 Bd6 27.cxb4 Rc4 28.a3 Rxd4 29.Rc1 Rg8
30.Ne5+ Bxe5 31.fxe5 Rf8 32.Rcf1 Ke7 33.Rc1 Kd7 34.Rfc3 Rc4 35.Rxc4 dxc4
36.Rxc4 Rb8 37.Kg2 Rb5 38.Rf4 Ke7 39.Re4 Rd5 40.Kf3 Rd3+ 41.Re3 Rd2 42.b3 f5
43.exf6+ Kxf6 44.Ke4 h6 45.b5 Rd5 46.a4 h5 47.gxh5 Rxh5 48.Kd4 Ke7 49.Kc4 Rh4+
50.Kc5 Kd7 51.Rd3+ Kc7 52.Rg3 Rh5+ 53.Kb4 g5 54.Ka5 Kb7 55.Rf3 e5 56.Kb4 Rh4+
57.Kc5 e4 58.Re3 Kc7 59.Kd5 Kb6 60.b4 Rh5 61.Kc4 Rh4 62.Kd5 Rh5 63.Kxe4 Rh4+
64.Kf5 Rxb4 65.Ra3 Rb1 66.Kxg5 Ka5 67.h4 Rg1+ 68.Kh6 Kb4 69.Ra2 Kb3 70.Re2 Kxa4
71.Re5 Kb4 72.h5 Kc4 73.Rg5 Rb1 74.Kg7 Rd1 75.h6 Rd7+ 76.Kg8 Rd8+ 77.Kh7 Rb8
78.Rf5 Rb7+ 79.Kg8  1-0

[Event "GRE-ch"]
[Site "?"]
[Date "1994.??.??"]
[Round "8"]
[White "Tzermiadianos, Andreas"]
[Black "Makropoulou, Marina"]
[Result "1-0"]
[WhiteElo "2350"]
[BlackElo "2330"]

1.e4 d5 2.exd5 Qxd5 3.Nc3 Qd8 4.d4 Nf6 5.Nf3 Bg4 6.h3 Bxf3 7.Qxf3 c6 8.Be3 e6
9.Bd3 Nbd7 10.O-O Qc7 11.Ne2 Nd5 12.Bd2 Nb4 13.Bc4 Nf6 14.a3 Nbd5 15.Bb3 b5
16.Rac1 b4 17.c4 bxc3 18.Nxc3 Qd7 19.Ba4 Rc8 20.Nxd5 Nxd5 21.Rc4 Bd6 22.Rfc1 Ne7
23.Bxc6 Nxc6 24.Rxc6 Rxc6 25.Qxc6 Qxc6 26.Rxc6 Kd7 27.Ra6 Bb8 28.Kf1 Rc8
29.Bc3 g6 30.Ke2 Rc6 31.Ra4 a6 32.Kd3 h5 33.Rc4 Rb6 34.b4 Rb5 35.Bd2 Bd6
36.f3 Rd5 37.Be3 f5 38.Rc2 Be7 39.Kc4 Bf6 40.a4 Kc6 41.Rb2 Kb7 42.b5 a5 43.Rc2 Rd6
44.Bf2 Rd8 45.Kd3 Rd6 46.Rc4 g5 47.Be1 Bd8 48.Bc3 Bb6 49.Bd2 e5 50.Bxg5 Bxd4
51.Be3 Bc5+ 52.Ke2 Bb4 53.g4 f4 54.Bc1 hxg4 55.hxg4 Rh6 56.Kd3 Rh1 57.Ke4 Re1+
58.Kf5 e4 59.Bxf4 exf3 60.Rc7+ Kb6 61.Rc6+ Kb7 62.Bg3 Re2 63.Rc1 f2 64.Rf1 Bc5
65.g5 Bd4 66.g6 Ra2 67.Bxf2 Bg7 68.Ke6 Rxa4 69.Kf7 Bc3 70.Bc5 Rc4 71.Be7 Kb6
72.Rf5 Ra4 73.Bd8+ Kb7 74.Bf6  1-0

[Event "HUN-chT 9394"]
[Site "?"]
[Date "1994.??.??"]
[Round "?"]
[White "Borocz, Istvan"]
[Black "Letay, Gyula"]
[Result "1-0"]
[WhiteElo "2370"]
[BlackElo "2280"]

1.e4 d5 2.exd5 Qxd5 3.Nc3 Qd8 4.Nf3 g6 5.Bc4 Bg7 6.O-O Nh6 7.d4 Nf5 8.Re1 O-O
9.Bf4 Nd6 10.Bb3 Bg4 11.Be5 Nc6 12.Bxg7 Kxg7 13.d5 Bxf3 14.Qxf3 Nd4 15.Qe3 N6f5
16.Qe5+ f6 17.Qe4 Nxb3 18.axb3 Re8 19.Qb4 b6 20.Re6 a5 21.Qc4 Qd7 22.Rae1 Nd6
23.Qe2 Kf7 24.Qg4 Rad8 25.Qh3 Kg8 26.Qf3 Nf5 27.Qf4 Nd6 28.h4 b5 29.h5 g5
30.Qg4 b4 31.Nd1 Nf7 32.Ne3 Ne5 33.Qg3 c6 34.Nf5 cxd5 35.R1xe5 h6 36.Nxe7+ Kf7
37.Qf3 Qxe6 38.Rxe6 Kxe6 39.Nc6 Rc8 40.Nd4+  1-0

[Event "JUG-chT"]
[Site "Igalo"]
[Date "1994.??.??"]
[Round "?"]
[White "Martinovic, Slobodan"]
[Black "Vukovic, Zdravko"]
[Result "1/2-1/2"]
[WhiteElo "2455"]
[BlackElo "2445"]

1.e4 d5 2.exd5 Qxd5 3.Nc3 Qd8 4.d4 Nf6 5.Bc4 a6 6.Be3 b5 7.Bb3 Bb7 8.Nf3 e6
9.Qe2 Be7 10.Ne5 O-O 11.O-O Nc6 12.Rad1 Nb4 13.Bg5 Nbd5 14.Nxd5 Nxd5 15.Bxe7 Qxe7
16.Qg4 Nf6 17.Qh4 c5 18.c3 Rfd8 19.Bc2 h6 20.dxc5 Qxc5 21.Ng4 Qe7 22.h3 Rd5
23.Rxd5  1/2-1/2

[Event "IND-ch"]
[Site "?"]
[Date "1994.??.??"]
[Round "11"]
[White "Mithrakanth, Poorna Sharma"]
[Black "Dave, Kantilal"]
[Result "1-0"]
[WhiteElo "2370"]
[BlackElo "2265"]

1.e4 d5 2.exd5 Qxd5 3.Nc3 Qd6 4.Nf3 Nf6 5.Bc4 Bg4 6.d3 Nc6 7.h3 Bxf3 8.Qxf3 e6
9.O-O a6 10.Bf4 Qd7 11.Ne4 Be7 12.Nxf6+ gxf6 13.c3 O-O-O 14.b4 Nb8 15.a4 e5
16.Be3 f5 17.b5 a5 18.Bxf7 Rhf8 19.Bc4 Qd6 20.Rfe1 Nd7 21.Qd5 f4 22.Qxd6 Bxd6
23.Bc1 Nb6 24.Bb3 Rfe8 25.Bb2 Bc5 26.Rad1 Re7 27.d4 exd4 28.Rxe7 Bxe7 29.Rxd4 Bd6
30.Be6+ Kb8 31.Kf1 Re8 32.Bf5 h6 33.Bc1 Re5 34.Bc2 Rc5 35.Bd2 Be5 36.Re4 Bxc3
37.Bxf4 Bg7 38.Bb3 Rc3 39.Re3 Rc1+ 40.Ke2 Rb1 41.Rg3 Rb2+ 42.Ke1 Bd4 43.Rg8+ Ka7
44.Bxc7 Bc3+ 45.Kd1 Rxb3 46.Bb8+ Ka8 47.Kc2 Rb2+ 48.Kxc3 Nxa4+ 49.Kd3 Rxb5
50.Bf4+ Ka7 51.Bxh6 Rb3+ 52.Kc2 Rb2+ 53.Kc1 b5 54.Be3+ Kb7 55.Rg7+ Kc6 56.Ra7 b4
57.Rxa5 Ra2 58.Bd4 b3 59.Kb1 Rd2 60.Rxa4 Kb5 61.Ra5+ Kb4 62.Rd5 Kc4 63.Rd8 Rd1+
64.Kb2 Rd2+ 65.Kc1 Rc2+ 66.Kb1 Rd2 67.Rc8+ Kd3  1-0

[Event "Keszthely op"]
[Site "Keszthely"]
[Date "1994.??.??"]
[Round "?"]
[White "Waller, Helmut"]
[Black "Rozsa, Peter"]
[Result "0-1"]
[WhiteElo "2150"]
[BlackElo "2190"]

1.e4 d5 2.exd5 Qxd5 3.Nc3 Qd6 4.Bc4 Nf6 5.Nge2 a6 6.Bb3 Bg4 7.O-O Nc6 8.d3 e6
9.Bf4 Qd7 10.f3 Bf5 11.Ne4 Be7 12.N2g3 Bg6 13.c3 Nd5 14.Bd2 f5 15.Nf2 e5
16.Re1 O-O-O 17.Ba4 Bd6 18.b4 h5 19.b5 axb5 20.Bxb5 h4 21.Nf1 Bc5 22.Qa4 Nb6
23.Bxc6 Nxa4 24.Bxd7+ Rxd7 25.Rxe5 Bxf2+ 26.Kxf2 Rxd3 27.Ra5 Nb6 28.Be3 Re8
29.Bd4 Re7 30.Rb1 Nc4 31.Ra8+ Kd7 32.Rxb7 h3 33.Rbb8 hxg2 34.Kxg2 Bh5 35.Rd8+ Kc6
36.Ra4 Bxf3+ 37.Kg1 Nb6 38.Ra5 Re2 39.Rc5+ Kb7 40.Rxc7+ Kxc7 41.Bxb6+ Kxb6
42.Rxd3 Rg2+ 43.Kh1 Rg3+ 44.Rxf3 Rxf3 45.Ng3 g6 46.Ne2 Rf2 47.Nd4 Rxa2 48.Nf3 Kc5
49.Nh4 Ra6 50.Kg2 Kc4 51.Nf3 Kxc3 52.Kg3 Ra4 53.h3 Re4 54.Nh4 Rxh4 55.Kxh4 Kd3
56.Kg5 Ke3 57.Kxg6 f4 58.h4 f3 59.h5 f2 60.h6 f1=Q 61.Kg7 Qg2+ 62.Kh8 Qa8+
63.Kg7 Qb7+ 64.Kg8 Qc8+ 65.Kg7 Qd7+ 66.Kg8 Qe8+ 67.Kg7 Qe7+ 68.Kg6 Qf8 69.Kh7 Qf7+
70.Kh8 Kf4  0-1

[Event "EU-ch U20 Girls"]
[Site "Litomysl"]
[Date "1994.??.??"]
[Round "4"]
[White "Paraminski, Albina"]
[Black "Khurtsilava, Inga"]
[Result "0-1"]
[WhiteElo "2060"]
[BlackElo "2110"]

1.e4 d5 2.exd5 Qxd5 3.Nc3 Qd8 4.d4 c6 5.Nf3 Bg4 6.Be2 e6 7.h3 Bxf3 8.Bxf3 Nf6
9.O-O Be7 10.Ne4 Nbd7 11.c4 O-O 12.Be3 Nxe4 13.Bxe4 f5 14.Bc2 Bd6 15.f4 Nf6
16.Qf3 Qd7 17.Rfe1 Rfe8 18.Rad1 Rad8 19.Bb3 Bb4 20.Re2 b5 21.Rc1 a5 22.a3 Bf8
23.Rec2 a4 24.Ba2 b4 25.axb4 Bxb4 26.Re2 Ne4 27.Kh1 a3 28.bxa3 Bxa3 29.Rg1 Rb8
30.g4 Nc3 31.Rc2 Nxa2 32.Rxa2 Rb3 33.Rga1 Bf8 34.Qf2 c5 35.Kh2 fxg4 36.hxg4 e5
37.dxe5 Qxg4 38.Rg1 Qh5+ 39.Kg2 Re6 40.Raa1 Rg6+ 41.Kf1 Qh3+ 42.Ke2 Rb2+
43.Bd2 Qc3 44.Qe3 Qxc4+ 45.Qd3 Qxd3+ 46.Kxd3 Rgb6 47.Bc3 Rf2 48.Ke3 Rh2 49.Rg3 c4
50.Kd4 Rf2 51.Ke4 Rb3 52.Ra8 g6 53.Re3 Rb6 54.Bd4 Rc6 55.Re1 Rd2 56.Bc3 Rd7
57.Bb4 Rf7 58.Rd1 c3 59.Rc1 Rc4+  0-1

[Event "New York op"]
[Site "New York"]
[Date "1994.??.??"]
[Round "7"]
[White "Skripchenko, Almira"]
[Black "Zisman, Boris"]
[Result "0-1"]
[WhiteElo "2235"]
[BlackElo "2310"]

1.e4 d5 2.exd5 Qxd5 3.Nc3 Qd8 4.g3 c6 5.Bg2 Bf5 6.Nf3 e6 7.Nh4 Bg6 8.O-O Be7
9.Nxg6 hxg6 10.Ne4 Nd7 11.d4 Ngf6 12.Ng5 Nh7 13.Nxh7 Rxh7 14.c4 Nf6 15.Be3 Qd7
16.Rb1 Rc8 17.b4 b5 18.c5 Nd5 19.Qb3 Bf6 20.Rfe1 Kf8 21.Ra1 g5 22.a4 a6 23.axb5 axb5
24.Ra6 g6 25.Rea1 Kg7 26.Ra7 Rc7 27.Ra8 Rh8 28.Rxh8 Kxh8 29.Ra8+ Rc8 30.Rxc8+ Qxc8
31.Bxd5 exd5 32.Qa3 g4 33.Qa7 Kg7 34.Qb6 Qe6 35.Qc7 g5 36.Qb7 Kg6 37.Qa8 Kg7
38.Qb7 Be7 39.Qc7 Kg6 40.Qb8 f5 41.Qe8+ Kg7 42.Kf1 Qe4 43.Qb8 Bf6 44.Qc7+ Kg6
45.Qd7 Qd3+ 46.Ke1 Qb1+ 47.Ke2 Qe4 48.Kd2 Bxd4 49.Qxc6+ Bf6 50.Kd1 f4 51.Bc1 Qd3+
52.Ke1 Qc3+ 53.Kd1 Qb3+ 54.Ke1 Qxb4+ 55.Kd1 Qb3+ 56.Ke1 Qc3+ 57.Kd1 Qd3+
58.Ke1 Qc3+ 59.Kd1 Qd4+ 60.Ke1 Qe4+ 61.Kd1 b4 62.Qb6 Kf5 63.Bd2 Qb1+  0-1

[Event "Niksic"]
[Site "Niksic"]
[Date "1994.??.??"]
[Round "?"]
[White "Ivanovic, Bozidar"]
[Black "Vukovic, Zdravko"]
[Result "1/2-1/2"]
[WhiteElo "2470"]
[BlackElo "2410"]

1.e4 d5 2.exd5 Qxd5 3.Nc3 Qd8 4.d4 Nf6 5.Nf3 c6 6.Bc4 b5 7.Bb3 e6 8.O-O Be7
9.Ne5 O-O 10.Bg5 a5 11.a4 b4 12.Bxf6 gxf6 13.Qh5 fxe5 14.Rad1 Qe8 15.Ne2 f5
16.Qh3 e4 17.f3 e3 18.Rd3 Kh8 19.Rxe3 Bg5 20.f4 Bf6 21.c3 bxc3 22.bxc3 Ra7
23.Ng3 Qg6 24.Rfe1 c5 25.dxc5 Be7 26.Kh1 Bxc5 27.R3e2 Re7 28.Re5 Bd6 29.Rxa5 Bb7
30.Qh4 Nd7 31.Rd1 e5 32.Bd5 exf4 33.Bxb7 fxg3 34.Rad5 Re4 35.Qh3 Nb6 36.R5d3 Rxa4
37.hxg3 Be5  1/2-1/2

[Event "ROM-chT"]
[Site "ROM"]
[Date "1994.??.??"]
[Round "?"]
[White "Ghinda, Mihail Viorel"]
[Black "Mozes, Ervin"]
[Result "0-1"]
[WhiteElo "2455"]
[BlackElo "2385"]

1.e4 d5 2.exd5 Qxd5 3.Nc3 Qd6 4.d4 Nf6 5.Nf3 a6 6.Be3 Nc6 7.Qd2 Bg4 8.Ng5 Bf5
9.f3 e6 10.Nge4 Nxe4 11.Nxe4 Qd7 12.O-O-O Nb4 13.a3 Nd5 14.Bf2 Be7 15.c4 Nf6
16.Bd3 Nxe4 17.fxe4 Bg6 18.Kb1 O-O 19.h4 Bh5 20.Be2 Bg6 21.Qc2 h6 22.c5 Rad8
23.Ka1 Qc6 24.Bd3 Kh8 25.g4 Bf6 26.e5 Bxd3 27.Qxd3 Bxe5 28.g5 Bxd4 29.Bxd4 e5
30.gxh6 Qxh6 31.Qe4 exd4 32.Qxb7 Rd7 33.c6 Rd6 34.Qxc7 Rxc6 35.Qe7 Qd6 36.Qe4 f5
37.Qxd4 Rc1+  0-1

[Event "Romania (Women)"]
[Site "Romania"]
[Date "1994.??.??"]
[Round "?"]
[White "Cosma, Elena Luminita"]
[Black "Borsuk, Angela"]
[Result "1-0"]
[WhiteElo "2310"]
[BlackElo "2230"]

1.e4 d5 2.exd5 Qxd5 3.Nc3 Qd8 4.d4 Nf6 5.Bf4 c6 6.Be2 g6 7.Nf3 Bg7 8.O-O h6
9.Qd2 g5 10.Bg3 Be6 11.Rad1 Nbd7 12.Rfe1 Nb6 13.b3 a6 14.Ne5 Bf5 15.h3 O-O
16.Bf3 Nbd5 17.Na4 a5 18.Nc5 Ra7 19.a3 Qc8 20.c4 Nb6 21.Qe3 e6 22.Rc1 Ra8
23.Red1 Nbd7 24.Ncxd7 Nxd7 25.h4 Nxe5 26.dxe5 f6 27.exf6 Bxf6 28.hxg5 hxg5
29.Be5 Be7 30.Bd6 Qe8 31.g4 Bxd6 32.Rxd6 Qe7 33.c5 Qf6 34.gxf5 Qxf5 35.Bg2 Rf6
36.Re1 Re8 37.b4 axb4 38.axb4 g4 39.Qg3 Ref8 40.Rd4 Qc2 41.Rxg4+ Kf7 42.Rg7+  1-0

[Event "Wch U26"]
[Site "Sofia"]
[Date "1994.??.??"]
[Round "9"]
[White "Dgebuadze, Alexandre"]
[Black "Kosic, Dragan"]
[Result "1/2-1/2"]
[WhiteElo "2400"]
[BlackElo "2515"]

1.e4 d5 2.exd5 Qxd5 3.Nc3 Qd8 4.d4 Nf6 5.Nf3 e6 6.Bg5 Be7 7.Bd3 b6 8.Ne5 Bb7
9.Qe2 h6 10.Bxf6 gxf6 11.Nf3 c6 12.O-O-O Qc7 13.Rhe1 Nd7 14.Ne4 O-O-O 15.Ba6 h5
16.Kb1 h4 17.h3 Rhg8 18.Nc3 Rxg2 19.d5 cxd5 20.Nxd5 exd5 21.Bxb7+ Kxb7 22.Qf1 Bb4
23.Qxg2 Bxe1 24.Nxe1 Ne5 25.Rxd5 Rxd5 26.Qxd5+ Qc6 27.Qxc6+ Kxc6 28.Kc1 Kd5
29.Kd1 Ke4 30.Ke2 b5 31.f3+ Kf4 32.Kf2 Nc4 33.Nd3+ Kf5 34.c3 Nb6 35.Ke3 Nd5+
36.Ke2 Nb6 37.b3 Nd5 38.Kd2 Ke6 39.c4 bxc4 40.bxc4 Ne7 41.Ke3 Nc6 42.Kf4 Nd4
43.Nc5+ Kd6 44.Nb3 Nc6 45.Ke4 Ne5 46.c5+ Kc6 47.f4 Nc4 48.Kf5 Ne3+ 49.Kxf6 Nd5+
50.Kg5 Kb5 51.f5 a5 52.Kxh4 a4 53.Nd2 Kxc5 54.Kg5 Kd6 55.h4 Ke7 56.h5 Kf8
57.Ne4 a3 58.h6 Nb4 59.Nc3 Kg8 60.Kf6 Nd3 61.Nb5 Nb4 62.Nc3 Nd3 63.h7+ Kxh7
64.Kxf7 Ne5+ 65.Ke8 Kg7 66.Ne4 Nf7 67.Ke7 Ne5 68.Ke6 Nf7 69.Ng3 Nd8+ 70.Kd7 Nf7
71.Ke7 Ne5 72.Ke6 Nc6 73.Ne2 Kf8 74.Kd5 Nb4+  1/2-1/2

[Event "Sveti Sava"]
[Site "Sveti Sava"]
[Date "1994.??.??"]
[Round "?"]
[White "Marinkovic, Slavisa"]
[Black "Kosic, Dragan"]
[Result "1/2-1/2"]
[WhiteElo "2375"]
[BlackElo "2515"]

1.e4 d5 2.exd5 Qxd5 3.Nc3 Qd8 4.d4 Nf6 5.Bg5 c6 6.Qd2 Bf5 7.O-O-O e6 8.Nf3 Nbd7
9.Bd3 Bxd3 10.Qxd3 Qa5 11.Kb1 Be7 12.Rhe1 Bb4 13.Bd2 O-O 14.a3 Bxc3 15.Bxc3 Qd5
16.Bb4 Rfe8 17.c4 Qh5 18.Bd6 b5 19.Ne5 bxc4 20.Nxc4 c5 21.dxc5 Nxc5 22.Qe2 Qg6+
23.Qc2 Qxc2+ 24.Kxc2 Rac8 25.Bxc5 Rxc5 26.b3 Rb8 27.Rd4 Nd5 28.b4 Rc6 29.Kb3 Rbc8
30.Red1 g6 31.R1d3 Kg7 32.Ne3 Nb6 33.a4 e5 34.Rd6 Rc1 35.a5 e4 36.axb6 exd3
37.bxa7 Ra8 38.Rd7 Ra1 39.Rxd3 R8xa7 40.Nc4 Rb7 41.Nb2 Re7 42.Rd2 g5 43.b5 g4  1/2-1/2